MAASAI MARA UNIVERSITY

LIBRARY CATALOGUE

Contact Us: +254 020 2685356/7 or 0774 057787

Box: 861-20500, NAROK, KENYA

Email: info@mmarau.ac.ke

Downing Skip (Record no. 4133)

MARC details
000 -LEADER
fixed length control field 00460nam a2200145Ia 4500
008 - FIXED-LENGTH DATA ELEMENTS--GENERAL INFORMATION
fixed length control field 151015s9999 xx 000 0 und d
020 ## - INTERNATIONAL STANDARD BOOK NUMBER
International Standard Book Number 618116362
050 ## - LIBRARY OF CONGRESS CALL NUMBER
Classification number LB 2343.3 D69 2002
245 ## - TITLE STATEMENT
Title Downing Skip
250 ## - EDITION STATEMENT
Edition statement _On course strategies for creating success in college and in life(3 ed.)
300 ## - PHYSICAL DESCRIPTION
Extent Boston Houghton mifflin company 2002
500 ## - GENERAL NOTE
General note Includes index
650 ## - SUBJECT ADDED ENTRY--TOPICAL TERM
Topical term or geographic name as entry element _Mastering self-management
700 ## - ADDED ENTRY--PERSONAL NAME
Personal name ^d20130507 12:08:34^oanne

No items available.

© 2016 Maasai Mara University.